000 00937nas a2200277 4500
001 BR2011006951
003 BR-BrBNA
005 20231205120153.0
007 ta
008 230509b bl.|||p| |||| 00| 00por d
040 _aBR-BrBNA
_bpor
_cBiblioteca Nacional de Agricultura
041 _a(Pt)
072 _aN10
100 1 _aFarias Filho, J. de
100 1 _aToledo Filho, R.D.
100 1 _aLima, P.R.L.
245 1 _aEfeito da argila calcinada sobre a durabilidade de argamassas reforçadas com fibras curtas de sisal
650 _aMATERIAL DE CONSTRUÇÃO
650 _aFIBRA VEGETAL
650 _aRESÍDUO
650 _aDETERIORAÇÃO
773 0 _tRevista Brasileira de Engenharia Agrícola e Ambiental (Brazil)
_xISSN 1807-1929
_g(Oct 2010), v.14(10) p. 1109-1114
_wBR2011006951
856 4 0 _uhttp://www.scielo.br/pdf/rbeaa/v14n10/v14n10a13.pdf
909 _a202311
_bLúcia
_c55
_dLúcia Elande
942 _2AGRIS
_n0
_cANA
999 _c217304
_d217304